Statistics for Busiest U.S. Airports Quiz

Click here to take the quiz!

General Stats

  • This quiz has been taken 55,478 times
    (8,801 since last reset)
  • The average score is 28 of 35

Answer Stats

# City % Correct
30.1 mNew York (LaGuardia)
99%
61.9 mNew York (Kennedy)
99%
87.5 mLos Angeles
98%
83.2 mChicago (O'Hare)
97%
22.0 mChicago (Midway)
97%
107 mAtlanta
95%
45.0 mMiami
95%
69.1 mDallas (DFW)
94%
16.3 mDallas (Love Field)
94%
57.8 mSan Francisco
93%
43.8 mHouston (George Bush)
92%
49.9 mSeattle
92%
23.5 mWashington (Reagan)
91%
40.9 mBoston
91%
24.1 mWashington (Dulles)
91%
64.5 mDenver
85%
31.7 mPhiladelphia
84%
44.9 mPhoenix
82%
47.7 mOrlando
82%
49.7 mLas Vegas
82%
24.2 mSan Diego
81%
35.2 mDetroit
81%
19.9 mPortland
75%
38.0 mMinneapolis
73%
15.9 mAustin
69%
15.6 mSt. Louis
66%
21.0 mHonolulu
65%
46.4 mCharlotte
65%
16.0 mNashville
65%
27.1 mBaltimore
64%
21.3 mTampa
63%
25.6 mSalt Lake City
62%
46.1 mNewark
58%
14.3 mSan Jose
47%
36.0 mFort Lauderdale
25%

Score Distribution

Percentile by Number Answered

Percent of People with Each Score

Your Score History

You have not taken this quiz since the last reset